[Event "Roncana op-C 10th"]
[Site "Santa Eulalia de Roncana"]
[Date "2016.10.22"]
[Round "5"]
[White "Fernandez Herrera, Aina"]
[Black "Palomo Moreno, Marc"]
[Result "0-1"]
[WhiteElo "1505"]
[BlackElo "1313"]
[PlyCount "70"]
[EventDate "2016.09.24"]
[EventType "swiss"]
[EventRounds "8"]
[EventCountry "ESP"]
[SourceTitle "EXT 2022"]
[Source "ChessBase"]
[SourceDate "2021.10.06"]
[SourceVersion "1"]
[SourceVersionDate "2021.10.06"]
[SourceQuality "1"]

1. e4 e5 2. Nc3 Nc6 3. Nf3 d6 4. Bb5 a6 5. Ba4 b5 6. Bb3 Be7 7. 0-0 Nf6 8. Nd5 Nxd5 9. exd5 Nb4 10. d3 Bg5 11. Bxg5 Qd7 12. c3 Nxd5 13. Bxd5 Ra7 14. Qe1 0-0 15. Qe3 Qe8 16. Qxa7 Bg4 17. Qb7 c5 18. Qe7 Qxe7 19. Bxe7 Re8 20. Bg5 c4 21. Bxf7+ Kxf7 22. Rfe1 cxd3 23. Rxe5 dxe5 24. Re1 Bxf3 25. gxf3 Re6 26. f4 exf4 27. Bxf4 Rxe1+ 28. Kg2 Ra1 29. b3 d2 30. Bxd2 Rxa2 31. Be3 Rb2 32. Bd4 Rxb3 33. f3 Rb2+ 34. Kg3 Ra2 35. Be3 Rc2 0-1

[Event "Roncana op-C 10th"]
[Site "Santa Eulalia de Roncana"]
[Date "2016.10.08"]
[Round "3"]
[White "Palomo Moreno, Marc"]
[Black "Fernandez Raya, Pablo"]
[Result "0-1"]
[WhiteElo "1313"]
[BlackElo "1254"]
[PlyCount "22"]
[EventDate "2016.09.24"]
[EventType "swiss"]
[EventRounds "8"]
[EventCountry "ESP"]
[SourceTitle "EXT 2018"]
[Source "ChessBase"]
[SourceDate "2017.10.13"]
[SourceVersion "1"]
[SourceVersionDate "2017.10.13"]
[SourceQuality "1"]

1. Nc3 e5 2. Nf3 Bd6 3. e4 Nf6 4. Bb5 Bb4 5. Qe2 0-0 6. Qe3 a6 7. d3 axb5 8. Qg5 h6 9. Qg6 fxg6 10. Nh4 g5 11. Ng6 Rf7 0-1